00693nam a2200145Ia 4500008004100000100002700041245015900068245005800227260000900285300003100294440004000325650009100365999001900456952007200475171207s9999 xx 000 0 und d aMuralidharan, Sidharth aAre we a product of our environment? Assessing culturally congruent Green advertising appeals, novelty, and environmental concern in India and the U.S.A.  cSidharth Muralidharan, Carrie La Ferle & Yongjun Sung c2017 apages 396-414, August 2017 aAsian Journa of Communicationv27:4 aGreen advertising, culture, individualism-collectivism, ad novelty, environment, India c347571d347571 001040aCLbCLd2017-12-07l0r2017-12-07 00:00:00w2017-12-07ySE